Statistics for Random Australian Honeyeaters by Picture

Click here to take the quiz!

General Stats

  • This quiz has been taken 42 times
  • The average score is 8 of 12

Answer Stats

Answer% Correct
Banded Honeyeater
100%
Black-headed Honeyeater
100%
Black Honeyeater
100%
Blue-faced Honeyeater
100%
Brown-headed Honeyeater
100%
Crimson Chat
100%
Eastern Spinebill
100%
Fuscous Honeyeater
100%
Little Friarbird
100%
Little Wattlebird
100%
Macleay's Honeyeater
100%
Noisy Friarbird
100%
Noisy Miner
100%
Red-headed Honeyeater
100%
Red Wattlebird
100%
Regent Honeyeater
100%
Silver-crowned Friarbird
100%
Spiny-cheeked Honeyeater
100%
Western Spinebill
100%
White-fronted Chat
100%
White-naped Honeyeater
100%
White-plumed Honeyeater
100%
White-throated Honeyeater
100%
Yellow-throated Miner
100%
Crescent Honeyeater
75%
Mangrove Honeyeater
67%
New Holland Honeyeater
67%
White-fronted Honeyeater
67%
Yellow Honeyeater
67%
Grey-headed Honeyeater
50%
Helmeted Friarbird
50%
Lewin's Honeyeater
50%
Painted Honeyeater
50%
Singing Honeyeater
50%
Tawny-crowned Honeyeater
50%
White-eared Honeyeater
50%
Yellow Chat
50%
Yellow-spotted Honeyeater
50%
Yellow-tinted Honeyeater
50%
Yellow-tufted Honeyeater
50%
Varied Honeyeater
33%
Rufous-banded Honeyeater
25%
Bar-breasted Honeyeater
0%
Bell Miner
0%
Black-eared Miner
0%
Bridled Honeyeater
0%
Brown-backed Honeyeater
0%
Brown Honeyeater
0%
Dusky Honeyeater
0%
Gibberbird
0%
Golden-backed Honeyeater
0%
Graceful Honeyeater
0%
Grey-fronted Honeyeater
0%
Orange Chat
0%
Pied Honeyeater
0%
Purple-gaped Honeyeater
0%
Rufous-throated Honeyeater
0%
Scarlet Honeyeater
0%
Striped Honeyeater
0%
Strong-billed Honeyeater
0%
Western Wattlebird
0%
White-cheeked Honeyeater
0%
White-gaped Honeyeater
0%
White-streaked Honeyeater
0%
Yellow-faced Honeyeater
0%
Yellow-plumed Honeyeater
0%
Yellow-throated Honeyeater
0%
Yellow Wattlebird
0%

Score Distribution

Percentile by Number Answered

Percent of People with Each Score

Your Score History

You have not taken this quiz